| 000 | 01055cab a2200325 4500 | ||
|---|---|---|---|
| 001 | ABS50278 | ||
| 008 | 090401t1994 xxu||||| |||| 00| 0 eng d | ||
| 035 | _a(Sirsi) u75039 | ||
| 041 | _aeng | ||
| 100 | _aDavidson, M. | ||
| 245 | _aOut-of-town or town-centre? | ||
| 260 | _c1994 | ||
| 350 | _a0 | ||
| 490 |
_aEstates Gazette _v(9409) 5 March 1994, 170-171(2) |
||
| 520 | _aExamines the issues involved in new retail development on greenfield sites, and looks at government plans to discourage this in favour of revitalising town centres. | ||
| 650 | _aGREENFIELD SITES | ||
| 650 | _aOUT-OF-TOWN | ||
| 650 | _aPLANNING POLICY GUIDANCE NOTE 13 | ||
| 650 | _aPLANNING POLICY GUIDANCE NOTE 6 | ||
| 650 | _aPLANNING POLICY | ||
| 650 | _aPLANNING POLICY GUIDANCE NOTE 13 | ||
| 650 | _aPLANNING POLICY GUIDANCE NOTE SIX | ||
| 650 | _aRETAIL DEVELOPMENT | ||
| 650 | _aTOWN CENTRES | ||
| 650 | _aTRANSPORT POLICY | ||
| 690 | _aPROPERTY-COMMERCIAL PROPERTY-RETAIL PROPERTY | ||
| 700 | _aBell, C. | ||
| 942 | _n0 | ||
| 948 | _c04/03/1997 | ||
| 999 |
_c47275 _d47275 |
||